[Event "CAN-op"]
[Site "Edmonton CAN"]
[Date "2005.07.17"]
[Round "10.1"]
[White "Ivanchuk, Vassily"]
[Black "Bologan, Viktor"]
[Result "1/2-1/2"]
[WhiteElo "2792"]
[BlackElo "2740"]
[PlyCount "69"]
[GameId "2160767910902200"]
[EventDate "2005.07.09"]
[EventType "swiss"]
[EventRounds "10"]
[EventCountry "CAN"]

1. Nf3 Nf6 2. c4 g6 3. Nc3 Bg7 4. d4 O-O 5. e4 d6 6. Be2 e5 7. Be3 Ng4 8. Bg5 f6 9. Bc1 f5 10. h3 Nxf2 11. Kxf2 fxe4 12. Nxe4 Qh4+ 13. Kg1 Qxe4 14. d5 Bf5 15. Kh2 Na6 16. Rf1 Qc2 17. Qxc2 Bxc2 18. Be3 Nb4 19. a3 Nd3 20. Ng5 Rxf1 21. Rxf1 Nxb2 22. c5 Bh6 23. cxd6 cxd6 24. Rf6 Bf5 25. g4 Rc8 26. gxf5 Rc2 27. fxg6 Rxe2+ 28. Kh1 Bxg5 29. Bxg5 Nc4 30. h4 Nd2 31. gxh7+ Kxh7 32. Bxd2 Rxd2 33. Rxd6 b5 34. Ra6 Rxd5 35. Kg2 1/2-1/2

[Event "CAN-op"]
[Site "Edmonton CAN"]
[Date "2005.07.17"]
[Round "10.4"]
[White "Roy Chowdhury, Saptarshi"]
[Black "Moiseenko, Alexander"]
[Result "1-0"]
[WhiteElo "2421"]
[BlackElo "2652"]
[PlyCount "149"]
[GameId "2160767910902201"]
[EventDate "2005.07.09"]
[EventType "swiss"]
[EventRounds "10"]
[EventCountry "CAN"]

1. e4 c5 2. Nf3 Nc6 3. Nc3 e5 4. Bc4 Be7 5. d3 Nf6 6. Nd2 d6 7. Nf1 Bg4 8. f3 Be6 9. Ne3 O-O 10. O-O a6 11. Ncd5 b5 12. Nxf6+ Bxf6 13. Bd5 Qb6 14. Bxc6 Qxc6 15. c4 Bd8 16. Qe2 g6 17. Bd2 f5 18. Rfc1 Ra7 19. Nd5 f4 20. Kh1 Kh8 21. b4 bxc4 22. dxc4 Rb7 23. a3 Bb6 24. b5 Qc8 25. Nxb6 Rxb6 26. a4 Rb7 27. Bc3 Kg8 28. Rd1 Rd7 29. Rd2 Qe8 30. Rad1 Qe7 31. b6 Rfd8 32. Rc2 g5 33. Rg1 Qf7 34. Bd2 h6 35. Rc3 Kh7 36. a5 Rg8 37. g4 fxg3 38. hxg3 h5 39. Kg2 g4 40. f4 exf4 41. Bxf4 Re8 42. Qc2 Qg6 43. Rd1 Rdd8 44. Rxd6 Rxd6 45. Bxd6 Bc8 46. e5 Bf5 47. Qf2 Be4+ 48. Kh2 Bb7 49. Qc2 Be4 50. Qf2 Bb7 51. Rc1 h4 52. gxh4 Rg8 53. e6 Qxe6 54. Bg3 Rg7 55. Re1 Qg6 56. Re2 Bf3 57. Rd2 Qf5 58. Qe1 Rf7 59. Qe5 Qxe5 60. Bxe5 Kg6 61. Kg3 Kf5 62. Bc7 Ke6 63. Rf2 Kd7 64. Bf4 Kc6 65. h5 Be4 66. Rd2 Bf5 67. h6 Re7 68. Rd6+ Kb7 69. Rd5 Bd7 70. Rxc5 Bc6 71. Be5 Rd7 72. Rxc6 Rh7 73. Rc7+ Ka8 74. b7+ Ka7 75. b8=Q+ 1-0

[Event "CAN-op"]
[Site "Edmonton CAN"]
[Date "2005.07.17"]
[Round "10.6"]
[White "Sundararajan, Kidambi"]
[Black "Tyomkin, Dimitri"]
[Result "1/2-1/2"]
[WhiteElo "2524"]
[BlackElo "2549"]
[PlyCount "37"]
[GameId "2160767910902203"]
[EventDate "2005.07.09"]
[EventType "swiss"]
[EventRounds "10"]
[EventCountry "CAN"]

1. d4 Nf6 2. Nf3 g6 3. Nbd2 d5 4. e3 Bg7 5. b4 O-O 6. Bb2 a5 7. b5 a4 8. Ba3 Nbd7 9. Be2 Re8 10. O-O e5 11. Nxe5 Nxe5 12. dxe5 Rxe5 13. Rc1 Re8 14. Bb2 c5 15. bxc6 bxc6 16. c4 Qd6 17. Bd4 h6 18. cxd5 cxd5 19. Bc5 1/2-1/2

[Event "CAN-op"]
[Site "Edmonton CAN"]
[Date "2005.07.17"]
[Round "10.17"]
[White "Sasata, Robert"]
[Black "Fairbairn, Stephen"]
[Result "1-0"]
[WhiteElo "2323"]
[BlackElo "2022"]
[PlyCount "92"]
[GameId "2160767910902208"]
[EventDate "2005.07.09"]
[EventType "swiss"]
[EventRounds "10"]
[EventCountry "CAN"]

1. d4 Nf6 2. c4 e5 3. dxe5 Ng4 4. e3 Nxe5 5. Nh3 Nbc6 6. Be2 Bb4+ 7. Bd2 Bxd2+ 8. Qxd2 b6 9. Nc3 Bb7 10. Nf4 O-O 11. O-O d6 12. Nfd5 a6 13. f4 Nd7 14. e4 Ne7 15. Rae1 Nxd5 16. cxd5 Re8 17. Bd3 f5 18. e5 g6 19. e6 Nf6 20. Bc2 Re7 21. Qd4 Qf8 22. Re3 Nh5 23. h3 Qf6 24. Qxf6 Nxf6 25. Rd1 Kf8 26. Kf2 Rd8 27. b4 Ra8 28. Bb3 Kg7 29. a3 Kf8 30. Re2 Kg7 31. Ke3 Rae8 32. Kf2 Rc8 33. Rc2 Kf8 34. Rdc1 Rb8 35. Kf1 Ke8 36. Rd2 Kf8 37. Bd1 Rd8 38. Bf3 Ne8 39. g4 Ng7 40. Kf2 Ba8 41. Rdc2 Rb8 42. Ne2 Rc8 43. Nd4 Ke8 44. Rg1 c5 45. gxf5 Rec7 46. fxg6 hxg6 1-0

[Event "CAN-op"]
[Site "Edmonton CAN"]
[Date "2005.07.17"]
[Round "10.19"]
[White "Pechenkin, Vladimir"]
[Black "Bertrand, Daryl"]
[Result "1-0"]
[WhiteElo "2263"]
[BlackElo "1987"]
[PlyCount "120"]
[GameId "2160767910902209"]
[EventDate "2005.07.09"]
[EventType "swiss"]
[EventRounds "10"]
[EventCountry "CAN"]

1. Nf3 Nf6 2. g3 d5 3. Bg2 e6 4. O-O Be7 5. d3 O-O 6. Nbd2 Nbd7 7. e4 dxe4 8. dxe4 Nc5 9. e5 Nd5 10. a3 a5 11. Qe2 f6 12. Rd1 Qe8 13. c4 Nb6 14. b3 Qg6 15. Bb2 Qd3 16. Bf1 Qxe2 17. Bxe2 Bd7 18. Bd4 Rad8 19. Bc3 Bc6 20. Bxa5 Bxf3 21. Bxf3 fxe5 22. Be2 Bg5 23. Rab1 Rd7 24. Nf3 Bf6 25. Bb4 Rxd1+ 26. Bxd1 Nbd7 27. Bc2 Be7 28. Nd2 Bd6 29. Bc3 Ra8 30. b4 Na4 31. Ba1 c5 32. b5 Nab6 33. Rb3 Nf6 34. Rd3 Bc7 35. f3 Kf7 36. Kf1 Ke7 37. Ke2 Bd6 38. Re3 Nfd7 39. Be4 Rb8 40. Kd1 Nf6 41. Bc2 Nbd7 42. Kc1 h5 43. h4 Ng8 44. Ne4 Rf8 45. Nxd6 Kxd6 46. Be4 Rb8 47. Bg6 Ngf6 48. Bc3 Rh8 49. a4 b6 50. Kb2 Ng8 51. f4 exf4 52. Rd3+ Kc7 53. gxf4 Ne7 54. Bf7 Rd8 55. Bxe6 Ng6 56. a5 Nxf4 57. Rxd7+ Rxd7 58. axb6+ Kd8 59. Bxd7 Kxd7 60. b7 Nd3+ 1-0

[Event "CAN-op"]
[Site "Edmonton CAN"]
[Date "2005.07.17"]
[Round "10.20"]
[White "Schulz, Waldemar"]
[Black "Campbell, Brett"]
[Result "1/2-1/2"]
[WhiteElo "2056"]
[BlackElo "2250"]
[PlyCount "137"]
[GameId "2160767910902210"]
[EventDate "2005.07.09"]
[EventType "swiss"]
[EventRounds "10"]
[EventCountry "CAN"]

1. Nf3 g6 2. d4 Bg7 3. c4 d6 4. Nc3 Nd7 5. e4 e5 6. d5 Ngf6 7. Be2 Nc5 8. Qc2 a5 9. O-O O-O 10. Ne1 Ne8 11. Be3 f5 12. f3 f4 13. Bf2 h5 14. Nd3 Nxd3 15. Qxd3 g5 16. Qd1 b6 17. Kh1 Bd7 18. a3 Rf7 19. b4 axb4 20. axb4 Rxa1 21. Qxa1 g4 22. Qe1 Bf8 23. Bh4 Be7 24. Bxe7 Qxe7 25. Qf2 Rg7 26. g3 gxf3 27. Bxf3 fxg3 28. hxg3 Qg5 29. Bg2 Qxg3 30. Qxg3 Rxg3 31. Rf3 Rxf3 32. Bxf3 Nf6 33. Kg2 Kg7 34. Kg3 Kh6 35. Kh4 Be8 36. Nb5 Bxb5 37. cxb5 Kg6 38. Bg2 Ng4 39. Bf3 Nf2 40. Bxh5+ Kf6 41. Bf3 Nd3 42. Bd1 Nxb4 43. Bb3 Nd3 44. Kg4 Nf2+ 45. Kf3 Nh3 46. Kg4 Ng5 47. Bc2 Kg6 48. Bb1 Nh7 49. Bc2 Nf6+ 50. Kh4 Nh5 51. Bb3 Nf4 52. Kg4 Ne2 53. Bc4 Nc3 54. Bf1 Kf6 55. Bd3 Na4 56. Bc2 Nb2 57. Kh4 Nc4 58. Kh5 Ne3 59. Bd3 Nd1 60. Bc2 Ne3 61. Bd3 Ng2 62. Kg4 Kg6 63. Bb1 Nf4 64. Kh4 Ne2 65. Kg4 Nd4 66. Bd3 Kf6 67. Bc4 Nc2 68. Bd3 Ne3+ 69. Kh5 1/2-1/2

[Event "CAN-op"]
[Site "Edmonton CAN"]
[Date "2005.07.17"]
[Round "10.21"]
[White "Lawson, Jonathan"]
[Black "Gokhale, Anupama"]
[Result "0-1"]
[WhiteElo "1782"]
[BlackElo "2243"]
[PlyCount "52"]
[GameId "2160767910902211"]
[EventDate "2005.07.09"]
[EventType "swiss"]
[EventRounds "10"]
[EventCountry "CAN"]

1. e4 g6 2. d4 Bg7 3. Nc3 c6 4. f4 d5 5. e5 Nh6 6. Be3 O-O 7. Be2 f6 8. h3 fxe5 9. dxe5 d4 10. Qxd4 Qxd4 11. Bxd4 Rxf4 12. Nf3 Nd7 13. O-O Nb6 14. Rad1 Nd5 15. Nxd5 cxd5 16. Rd3 Nf5 17. Rfd1 Ng3 18. Bf1 Bf5 19. Rc3 Be4 20. Rc7 Bxf3 21. gxf3 Rxd4 22. Rxd4 Bxe5 23. Rxd5 Bxc7 24. Rd7 Bb6+ 25. Kg2 Nxf1 26. Kxf1 Rc8 0-1

[Event "CAN-op"]
[Site "Edmonton CAN"]
[Date "2005.07.17"]
[Round "10.22"]
[White "Swathi, Ghate"]
[Black "Barber, Glen"]
[Result "1-0"]
[WhiteElo "2281"]
[BlackElo "2005"]
[PlyCount "63"]
[GameId "2160767910902212"]
[EventDate "2005.07.09"]
[EventType "swiss"]
[EventRounds "10"]
[EventCountry "CAN"]

1. e4 e5 2. Nf3 Nc6 3. Bb5 a6 4. Ba4 Nf6 5. O-O Be7 6. Re1 b5 7. Bb3 d6 8. c3 O-O 9. d4 Bg4 10. Be3 Na5 11. Bc2 Nc4 12. Bc1 c5 13. b3 Nb6 14. Nbd2 Qc7 15. h3 Bd7 16. Bb2 Rac8 17. Rc1 Rfd8 18. Qe2 c4 19. Bb1 Bf8 20. Nf1 g6 21. d5 Bh6 22. Rcd1 b4 23. cxb4 c3 24. Bc1 c2 25. Bxc2 Qxc2 26. Bxh6 Bb5 27. Qe3 Bxf1 28. Qxb6 Bd3 29. Rc1 Qxa2 30. Rxc8 Rxc8 31. Qxd6 Ne8 32. Qf8# 1-0

[Event "CAN-op"]
[Site "Edmonton CAN"]
[Date "2005.07.17"]
[Round "10.23"]
[White "Thipsay, Bagyashree Sathe"]
[Black "Sladek, Vaclav"]
[Result "1/2-1/2"]
[WhiteElo "2269"]
[BlackElo "2047"]
[PlyCount "51"]
[GameId "2160767910902213"]
[EventDate "2005.07.09"]
[EventType "swiss"]
[EventRounds "10"]
[EventCountry "CAN"]
[SourceTitle "EXT 2022"]
[Source "ChessBase"]
[SourceDate "2021.10.06"]
[SourceVersion "1"]
[SourceVersionDate "2021.10.06"]
[SourceQuality "1"]

1. e4 c5 2. Nf3 e6 3. d4 cxd4 4. Nxd4 a6 5. Nc3 g6 6. Be2 Bg7 7. O-O Ne7 8. Bg5 h6 9. Be3 O-O 10. Qd2 Kh7 11. Rad1 Nbc6 12. Nb3 d5 13. Bc5 Re8 14. Bf3 Ne5 15. Be2 N5c6 16. Bxe7 Qxe7 17. exd5 exd5 18. Bf3 d4 19. Nd5 Qd6 20. Nb6 Rb8 21. Nxc8 Rbxc8 22. c3 Red8 23. cxd4 Nxd4 24. Bxb7 Rb8 25. Be4 f5 26. Nxd4 1/2-1/2

[Event "CAN-op"]
[Site "Edmonton CAN"]
[Date "2005.07.17"]
[Round "10.24"]
[White "Zaczek, Jonathon"]
[Black "Barclay, Wayne"]
[Result "1-0"]
[WhiteElo "2017"]
[BlackElo "2243"]
[PlyCount "61"]
[GameId "2160767910902214"]
[EventDate "2005.07.09"]
[EventType "swiss"]
[EventRounds "10"]
[EventCountry "CAN"]

1. e4 e6 2. d4 d5 3. Nc3 Bb4 4. e5 c5 5. a3 cxd4 6. axb4 dxc3 7. Qg4 Kf8 8. Nf3 Qc7 9. Bd3 Nc6 10. O-O cxb2 11. Bxb2 Nh6 12. Qf4 Bd7 13. b5 Ne7 14. Ba3 f5 15. b6 Qxb6 16. Rfb1 Qc6 17. Qb4 Nhg8 18. Nd4 Qc8 19. Qxb7 Kf7 20. Bd6 Nh6 21. Rxa7 Rd8 22. Rxa8 Qxa8 23. Bxe7 Qxb7 24. Rxb7 Ra8 25. Rxd7 Ra1+ 26. Bf1 Ke8 27. Rb7 Ng4 28. Bf6 Nxh2 29. Kxh2 Rxf1 30. Nxe6 Rxf2 31. Re7# 1-0

[Event "CAN-op"]
[Site "Edmonton CAN"]
[Date "2005.07.17"]
[Round "10.25"]
[White "Li, Zhichao"]
[Black "Graves, Charles"]
[Result "0-1"]
[WhiteElo "2238"]
[BlackElo "2000"]
[PlyCount "80"]
[GameId "2160767910902215"]
[EventDate "2005.07.09"]
[EventType "swiss"]
[EventRounds "10"]
[EventCountry "CAN"]

1. c4 f5 2. g3 Nf6 3. Bg2 e5 4. Nc3 Be7 5. e3 d6 6. Nge2 O-O 7. O-O c6 8. e4 fxe4 9. Nxe4 Nxe4 10. Bxe4 Bh3 11. Bg2 Bxg2 12. Kxg2 Nd7 13. d4 Bf6 14. Be3 Nb6 15. Qb3 Kh8 16. Rad1 Qc7 17. dxe5 Bxe5 18. Nc3 Qf7 19. f4 Nxc4 20. Bf2 Bxc3 21. Qxc3 d5 22. Bc5 Rfe8 23. b3 Nb6 24. Rd2 Nd7 25. Bd4 Nf6 26. Rc2 Kg8 27. b4 Ne4 28. Qb2 Nd6 29. f5 Re4 30. f6 g6 31. Re2 Rxe2+ 32. Qxe2 Re8 33. Qf3 Nc4 34. Rf2 b6 35. h4 Re4 36. Qd3 h5 37. Re2 Nd6 38. Rc2 Qd7 39. Qd2 Nf5 40. Qg5 Kf7 0-1

[Event "CAN-op"]
[Site "Edmonton CAN"]
[Date "2005.07.17"]
[Round "10.27"]
[White "Klein, Felix"]
[Black "Boron, Anthony"]
[Result "1-0"]
[WhiteElo "2123"]
[BlackElo "1966"]
[PlyCount "97"]
[GameId "2160767910902216"]
[EventDate "2005.07.09"]
[EventType "swiss"]
[EventRounds "10"]
[EventCountry "CAN"]

1. e4 d5 2. exd5 Qxd5 3. Nc3 Qa5 4. d4 c6 5. Nf3 Nf6 6. Ne5 Be6 7. Bc4 Bxc4 8. Nxc4 Qc7 9. O-O g6 10. Re1 Bg7 11. Qf3 O-O 12. Bf4 Qd8 13. Rad1 Nbd7 14. Qh3 Re8 15. Bh6 Bh8 16. Ne5 Nxe5 17. dxe5 Nd5 18. Ne4 Qc8 19. e6 Qxe6 20. Qxe6 fxe6 21. c3 b6 22. Ng5 e5 23. Nf3 Rad8 24. Kf1 Bf6 25. Rd2 g5 26. Red1 g4 27. Ng5 b5 28. Ne4 Kf7 29. Ke1 Rd7 30. g3 Rc7 31. Ke2 Kg6 32. Be3 Kf5 33. Nc5 Rd8 34. Na6 Rcd7 35. Nb4 e6 36. Nxc6 Ra8 37. Nb4 Nxe3 38. Rxd7 Nxd1 39. Rxd1 Rd8 40. Nc6 Rxd1 41. Kxd1 a6 42. Nb4 a5 43. Nc6 a4 44. Na7 b4 45. cxb4 e4 46. Nc6 e3 47. b5 Ke4 48. b6 exf2 49. Ke2 1-0

[Event "CAN-op"]
[Site "Edmonton CAN"]
[Date "2005.07.17"]
[Round "10.28"]
[White "Tegzes, Laszlo"]
[Black "Lauritson, Jim"]
[Result "1-0"]
[WhiteElo "2109"]
[BlackElo "1910"]
[PlyCount "97"]
[GameId "2160767910902217"]
[EventDate "2005.07.09"]
[EventType "swiss"]
[EventRounds "10"]
[EventCountry "CAN"]

1. e4 c5 2. c3 Nf6 3. e5 Nd5 4. d4 cxd4 5. Nf3 e6 6. cxd4 d6 7. Nc3 Nc6 8. Nxd5 exd5 9. Bd3 Be7 10. O-O O-O 11. Bf4 Kh8 12. Rc1 Bg4 13. Bb1 Bh5 14. Qb3 dxe5 15. Nxe5 Nxe5 16. Bxe5 Bf6 17. f4 Bxe5 18. dxe5 Qb6+ 19. Qxb6 axb6 20. Rc7 Be2 21. Re1 Ba6 22. f5 Rac8 23. Rec1 Rce8 24. Re1 Rc8 25. Rxc8 Rxc8 26. e6 Kg8 27. a4 Kf8 28. Kf2 Ke7 29. exf7+ Kxf7 30. Kf3 Rc4 31. Ba2 Rd4 32. Rc1 Bc4 33. Bxc4 dxc4 34. g4 Kf6 35. h4 g6 36. fxg6 hxg6 37. Rc3 Ke5 38. Re3+ Kf6 39. Rc3 Ke5 40. Re3+ Kf6 41. Re4 Rd3+ 42. Kf4 Rb3 43. g5+ Kf7 44. Rxc4 Rxb2 45. Ke5 Re2+ 46. Kd6 Re6+ 47. Kc7 Re7+ 48. Kxb6 Ke6 49. Re4+ 1-0

[Event "CAN-op"]
[Site "Edmonton CAN"]
[Date "2005.07.17"]
[Round "10.29"]
[White "Jiang, Louie"]
[Black "Henry, Liam"]
[Result "0-1"]
[WhiteElo "1895"]
[BlackElo "2062"]
[PlyCount "82"]
[GameId "2160767910902218"]
[EventDate "2005.07.09"]
[EventType "swiss"]
[EventRounds "10"]
[EventCountry "CAN"]

1. e4 c5 2. Nf3 d6 3. d4 cxd4 4. Nxd4 Nf6 5. Nc3 a6 6. Be3 e5 7. Nb3 Be6 8. f3 Nbd7 9. g4 Nb6 10. g5 Nh5 11. Qd2 Be7 12. O-O-O Rc8 13. Kb1 Qc7 14. Be2 O-O 15. Rdg1 Nc4 16. Bxc4 Bxc4 17. Nc1 b5 18. N3e2 d5 19. Ng3 Nf4 20. Nf5 dxe4 21. Nxe7+ Qxe7 22. fxe4 Rfd8 23. Qe1 Be6 24. h4 Rc4 25. Bxf4 exf4 26. Nd3 Rxe4 27. Qf2 Qc7 28. Re1 Red4 29. h5 a5 30. g6 h6 31. Rhg1 Qd6 32. gxf7+ Bxf7 33. Qg2 Qf6 34. Qh3 a4 35. Rg2 R8d5 36. Rf2 Rxh5 37. Qg2 Rf5 38. Ref1 g5 39. Nxf4 Rfxf4 40. c3 Bg6+ 41. Kc1 Qf5 0-1

[Event "CAN-op"]
[Site "Edmonton CAN"]
[Date "2005.07.17"]
[Round "10.30"]
[White "Nguyen, Kim"]
[Black "Belleau, David"]
[Result "1-0"]
[WhiteElo "2060"]
[BlackElo "1911"]
[PlyCount "65"]
[GameId "2160767910902219"]
[EventDate "2005.07.09"]
[EventType "swiss"]
[EventRounds "10"]
[EventCountry "CAN"]

1. e4 c5 2. Nf3 d6 3. d4 cxd4 4. Nxd4 Nf6 5. Nc3 a6 6. Bc4 e6 7. O-O Be7 8. Bb3 O-O 9. f4 Nc6 10. Be3 Na5 11. Qf3 Nxb3 12. axb3 Qc7 13. g4 d5 14. e5 Nd7 15. g5 Bc5 16. Nce2 Bxd4 17. Nxd4 Nc5 18. Qg4 Bd7 19. Rf3 f6 20. gxf6 Rf7 21. Rh3 Ne4 22. Qh4 g6 23. Kh1 Kf8 24. Rg1 Ke8 25. Rxg6 hxg6 26. Qh8+ Rf8 27. Qg7 Nxf6 28. exf6 Qd6 29. Rh7 Rc8 30. b4 Rc7 31. c3 b6 32. f5 exf5 33. Bg5 1-0

[Event "CAN-op"]
[Site "Edmonton CAN"]
[Date "2005.07.17"]
[Round "10.31"]
[White "Yam, Alex"]
[Black "Gluckie, Jamin"]
[Result "1-0"]
[WhiteElo "2048"]
[BlackElo "1907"]
[PlyCount "77"]
[GameId "2160767910902220"]
[EventDate "2005.07.09"]
[EventType "swiss"]
[EventRounds "10"]
[EventCountry "CAN"]

1. d4 e6 2. Nf3 Nf6 3. g3 b6 4. Bg2 Bb7 5. O-O Be7 6. c4 O-O 7. Nc3 Ne4 8. Qc2 Nxc3 9. Qxc3 f5 10. b4 a5 11. b5 d6 12. Qe3 Qd7 13. Bb2 Bf6 14. Rfd1 Qe7 15. Rd2 Nd7 16. Rad1 Rae8 17. Ne5 Bxg2 18. Kxg2 g5 19. f4 gxf4 20. gxf4 Kh8 21. Kh1 Rg8 22. Qh3 Qg7 23. Rd3 Nf8 24. Rg3 Qe7 25. Rxg8+ Kxg8 26. Rg1+ Kh8 27. Ba3 Bg7 28. Qh5 Rc8 29. Rg3 Qf6 30. Nf3 Qh6 31. Qf7 Qf6 32. Qh5 Qh6 33. Qxh6 Bxh6 34. e3 Nd7 35. Bb2 Bg7 36. Ng5 Re8 37. d5 exd5 38. Nf7+ Kg8 39. Nh6+ 1-0

[Event "CAN-op"]
[Site "Edmonton CAN"]
[Date "2005.07.17"]
[Round "10.33"]
[White "Henson, Joshua"]
[Black "Wong, Wylon"]
[Result "1-0"]
[WhiteElo "2221"]
[BlackElo "1894"]
[PlyCount "75"]
[GameId "2160767910902221"]
[EventDate "2005.07.09"]
[EventType "swiss"]
[EventRounds "10"]
[EventCountry "CAN"]

1. e4 d6 2. d4 Nf6 3. Nc3 c6 4. f4 Qa5 5. e5 Ne4 6. Qf3 d5 7. Bd3 Bf5 8. g4 Nxc3 9. Bxf5 Nb5+ 10. Bd2 Qb6 11. c3 e6 12. Bd3 c5 13. Qe2 Nc7 14. Be3 Nc6 15. Nf3 c4 16. Bb1 a5 17. O-O Qa7 18. f5 b5 19. a3 Qb7 20. fxe6 Nxe6 21. Ng5 Nxg5 22. Bxg5 Be7 23. Be3 O-O 24. Qf3 Nd8 25. Qh3 g6 26. Qh6 Qd7 27. h3 Ne6 28. Bc2 Qd8 29. Rf5 Ng7 30. Rf3 Bh4 31. g5 Nh5 32. Raf1 Qe7 33. Rf6 b4 34. Bd1 Bg3 35. Bxh5 Bxe5 36. dxe5 Qxe5 37. R6f3 gxh5 38. Bd4 1-0

[Event "CAN-op"]
[Site "Edmonton CAN"]
[Date "2005.07.17"]
[Round "10.34"]
[White "Sagert, David"]
[Black "Gorelik, Lev"]
[Result "0-1"]
[WhiteElo "1810"]
[BlackElo "2147"]
[PlyCount "68"]
[GameId "2160767910902222"]
[EventDate "2005.07.09"]
[EventType "swiss"]
[EventRounds "10"]
[EventCountry "CAN"]

1. Nf3 Nf6 2. g3 d5 3. Bg2 Nc6 4. O-O e5 5. d3 Be7 6. e4 dxe4 7. dxe4 Bg4 8. c3 Qc8 9. Qc2 O-O 10. Nbd2 Bh3 11. Nc4 Bxg2 12. Kxg2 Qe6 13. Ne3 Ng4 14. b4 Nxe3+ 15. fxe3 Qc4 16. Nd2 Nxb4 17. Nxc4 Nxc2 18. Rb1 Rad8 19. Rf2 Ne1+ 20. Kf1 Nd3 21. Rd2 b6 22. Ba3 Bxa3 23. Nxa3 f5 24. Kg1 fxe4 25. Rbd1 Rf3 26. Nc2 Rdf8 27. Kg2 Rf2+ 28. Kh3 R8f6 29. Nb4 Rh6+ 30. Kg4 Rhxh2 31. Rxd3 exd3 32. Nxd3 Rd2 33. Rxd2 Rxd2 34. Nxe5 Rxa2 0-1

[Event "CAN-op"]
[Site "Edmonton CAN"]
[Date "2005.07.17"]
[Round "10.36"]
[White "Lane, Travis"]
[Black "Asquith, Tom"]
[Result "1-0"]
[WhiteElo "2037"]
[BlackElo "1789"]
[PlyCount "75"]
[GameId "2160767910902223"]
[EventDate "2005.07.09"]
[EventType "swiss"]
[EventRounds "10"]
[EventCountry "CAN"]

1. e4 e6 2. d4 d5 3. e5 c5 4. Nf3 Nc6 5. Bd3 Bd7 6. O-O Qb6 7. dxc5 Bxc5 8. c3 f6 9. b4 Be7 10. b5 Na5 11. a4 Rc8 12. Be3 Bc5 13. Bd4 Bxd4 14. cxd4 f5 15. Nbd2 Nh6 16. Nb3 Nxb3 17. Qxb3 O-O 18. Rfc1 a5 19. Qb2 f4 20. Nd2 Nf5 21. Nb3 Qd8 22. Nc5 b6 23. Nb7 Qg5 24. Bxf5 Qxf5 25. Nd6 Rxc1+ 26. Rxc1 Qg4 27. f3 Qh4 28. Qf2 Qd8 29. Qc2 g5 30. Qc7 h5 31. Qxd8 Rxd8 32. Rc7 g4 33. Rb7 gxf3 34. gxf3 Kg7 35. Rxb6 Kg6 36. Ra6 Bc8 37. Rxa5 Rf8 38. Ra8 1-0

[Event "CAN-op"]
[Site "Edmonton CAN"]
[Date "2005.07.17"]
[Round "10.37"]
[White "Hughey, Micah"]
[Black "Gillanders, Robert"]
[Result "1/2-1/2"]
[WhiteElo "2027"]
[BlackElo "1765"]
[PlyCount "31"]
[GameId "2160767910902224"]
[EventDate "2005.07.09"]
[EventType "swiss"]
[EventRounds "10"]
[EventCountry "CAN"]

1. e4 e6 2. c4 c5 3. Nf3 d6 4. d4 cxd4 5. Nxd4 a6 6. Nc3 Nf6 7. Bd3 Be7 8. O-O O-O 9. Be3 Nbd7 10. Rc1 Qc7 11. f4 Re8 12. Kh1 b6 13. b4 Bb7 14. a3 Bf8 15. Nf3 Rad8 16. Qb3 1/2-1/2

[Event "CAN-op"]
[Site "Edmonton CAN"]
[Date "2005.07.17"]
[Round "10.38"]
[White "Tang, Edward"]
[Black "Trandafir, Stefan"]
[Result "1-0"]
[WhiteElo "1544"]
[BlackElo "1731"]
[PlyCount "73"]
[GameId "2160767910902225"]
[EventDate "2005.07.09"]
[EventType "swiss"]
[EventRounds "10"]
[EventCountry "CAN"]

1. e4 c5 2. Nf3 Nc6 3. d4 cxd4 4. Nxd4 Nf6 5. Nc3 e5 6. Ndb5 d6 7. Nd5 Nxd5 8. exd5 Nb8 9. a4 a6 10. Na3 Be7 11. Be2 O-O 12. O-O f5 13. f4 e4 14. Be3 Nd7 15. Nc4 Rf6 16. a5 Bf8 17. b4 Rh6 18. g3 Qe8 19. Nb6 Nxb6 20. Bxb6 Bd7 21. c4 Rc8 22. Rc1 Ba4 23. Qd2 Be7 24. Bd4 Qf7 25. b5 Qe8 26. Qb4 axb5 27. cxb5 Bc2 28. a6 bxa6 29. bxa6 Bd3 30. Bxd3 Rxc1 31. Rxc1 exd3 32. a7 d2 33. Qxd2 Bf8 34. Qe3 Qh5 35. Qf2 Qe8 36. Rb1 Qa4 37. Ra1 1-0

[Event "CAN-op"]
[Site "Edmonton CAN"]
[Date "2005.07.17"]
[Round "10.39"]
[White "Taylor, William"]
[Black "Steininger, Gavin"]
[Result "0-1"]
[WhiteElo "1900"]
[BlackElo "2011"]
[PlyCount "52"]
[GameId "2160767910902226"]
[EventDate "2005.07.09"]
[EventType "swiss"]
[EventRounds "10"]
[EventCountry "CAN"]

1. f4 d5 2. b3 Bg4 3. Bb2 Nc6 4. g3 e5 5. fxe5 f6 6. exf6 Nxf6 7. Bg2 Bc5 8. d4 Bd6 9. Nf3 Qe7 10. c3 Ne4 11. Qd3 O-O-O 12. Nbd2 Rde8 13. Rf1 Nxd2 14. Qxd2 h5 15. Rf2 Rhf8 16. O-O-O h4 17. Kb1 hxg3 18. hxg3 Bxg3 19. Rff1 Qxe2 20. Ba3 Qe4+ 21. Qc2 Rxf3 22. Bxf3 Bxf3 23. Rd3 Qxd3 24. Qxd3 Be4 25. Qxe4 dxe4 26. Rg1 e3 0-1

[Event "CAN-op"]
[Site "Edmonton CAN"]
[Date "2005.07.17"]
[Round "10.41"]
[White "Daniluk, Jim"]
[Black "Lafreniere, Adrian"]
[Result "1-0"]
[WhiteElo "1969"]
[BlackElo "1703"]
[PlyCount "51"]
[GameId "2160767910902227"]
[EventDate "2005.07.09"]
[EventType "swiss"]
[EventRounds "10"]
[EventCountry "CAN"]

1. d4 Nf6 2. e3 g6 3. Bd3 Bg7 4. c3 d6 5. f4 e5 6. fxe5 dxe5 7. dxe5 Ng4 8. Bb5+ Bd7 9. e6 Bxb5 10. exf7+ Kxf7 11. Qb3+ Ke7 12. Qxb5 Qc8 13. Nf3 c5 14. O-O Rf8 15. e4 Nd7 16. h3 Nge5 17. Bg5+ Bf6 18. Nbd2 Qc7 19. Bh6 Nxf3+ 20. Nxf3 Rf7 21. Ng5 Bxg5 22. Bxg5+ Kf8 23. Qc4 Ne5 24. Qe6 Rxf1+ 25. Rxf1+ Nf7 26. Bf4 1-0

[Event "CAN-op"]
[Site "Edmonton CAN"]
[Date "2005.07.17"]
[Round "10.42"]
[White "Nikouline, Alexandre"]
[Black "Mrugala, David"]
[Result "1-0"]
[WhiteElo "1947"]
[BlackElo "1627"]
[PlyCount "56"]
[GameId "2160767910902228"]
[EventDate "2005.07.09"]
[EventType "swiss"]
[EventRounds "10"]
[EventCountry "CAN"]

1. e4 c6 2. d4 d5 3. e5 Bf5 4. Nc3 e6 5. g4 Bg6 6. Nge2 h6 7. Nf4 Bh7 8. Bd3 Bxd3 9. Qxd3 Nd7 10. Bd2 Qc7 11. h4 a6 12. h5 c5 13. O-O cxd4 14. Ncxd5 exd5 15. e6 Ndf6 16. exf7+ Qxf7 17. Rae1+ Kd8 18. Qxd4 Bd6 19. Qb6+ Bc7 20. Ne6+ Kc8 21. Qc5 Ne4 22. Rxe4 dxe4 23. Bf4 Nf6 24. Nxc7 Nd7 25. Qc3 Kd8 26. Bg3 Rc8 27. Bh4+ Nf6 28. Rd1+ Ke7 1-0

[Event "CAN-op"]
[Site "Edmonton CAN"]
[Date "2005.07.17"]
[Round "10.45"]
[White "Goodman, Kevin"]
[Black "Hill, Roderick"]
[Result "0-1"]
[WhiteElo "1740"]
[BlackElo "1904"]
[PlyCount "76"]
[GameId "2160767910902229"]
[EventDate "2005.07.09"]
[EventType "swiss"]
[EventRounds "10"]
[EventCountry "CAN"]

1. d4 Nc6 2. c4 e5 3. d5 Nce7 4. e4 Ng6 5. Be3 Bb4+ 6. Nd2 Nf6 7. f3 Qe7 8. Qe2 Bc5 9. Nh3 Bxe3 10. Qxe3 d6 11. Nf2 Nd7 12. Nd3 a5 13. Be2 O-O 14. g4 Qh4+ 15. Kd1 c6 16. Kc2 Qd8 17. Nf1 cxd5 18. exd5 Qc7 19. b3 a4 20. Ng3 b5 21. Nb4 axb3+ 22. axb3 Bb7 23. Nf5 bxc4 24. bxc4 Nb6 25. Kb3 Rfb8 26. Rxa8 Rxa8 27. Rc1 Nd7 28. Nd3 Qa5 29. Kc2 Qc7 30. Kd1 Ra3 31. Qe4 Nc5 32. Nxc5 Qxc5 33. h4 Nf4 34. h5 Ra2 35. Rc2 Ra1+ 36. Rc1 Ra2 37. Rc2 Ra1+ 38. Rc1 Qg1+ 0-1